000
00295nam a22001337a 4500
041
_a
ENG
100
_a
Ghatak.A
245
_a
Quantum Mechanics Theory And Applications
250
_a
Fourth Ed
260
_a
Delhi
_b
Macmillan
_c
1998
300
_a
677
650
_a
FMP
856
_u
FMP ( 43 )
999
_c
1353
_d
1353